logo

Bir Sreshtho Munshi Abdur Rouf Library
Jhenaidah Cadet College

Accounting, Costing, and Management / (Record no. 5237)

MARC details
000 -LEADER
fixed length control field 00649nam a2200253 a 4500
001 - CONTROL NUMBER
JCCL Control Number 5237
003 - CONTROL NUMBER IDENTIFIER
JCCL marc code BD-JhCC
005 - DATE AND TIME OF LATEST TRANSACTION
control field 20171213094632.0
008 - FIXED-LENGTH DATA ELEMENTS--GENERAL INFORMATION
fixed length control field 171211s1990 bg ||||| |||| 00| 0 eng d
020 ## - INTERNATIONAL STANDARD BOOK NUMBER
International Standard Book Number 0198327463
035 ## - SYSTEM CONTROL NUMBER
system control number (BD-JhCC)5237
040 ## - CATALOGING SOURCE
Original cataloging agency BD-JhCC
Modifying agency BD-JhCC
041 ## - LANGUAGE CODE
Language code of Book eng
082 ## - DEWEY DECIMAL CLASSIFICATION NUMBER
Classification number 657
Author mark and Year IZH 1990
100 ## - MAIN ENTRY--PERSONAL NAME
Personal name Izhar, Riad
245 ## - TITLE STATEMENT
Title Accounting, Costing, and Management /
Statement of responsibility, etc Riad Izhar
260 ## - PUBLICATION, DISTRIBUTION, ETC. (IMPRINT)
Place of publication, distribution, etc Great Britain :
Name of publisher, distributor, etc Oxford University press,
Date of publication, distribution, etc 1990.
300 ## - PHYSICAL DESCRIPTION
Pagination 382 p. :
Dimensions 24 cm.
650 ## - SUBJECT ADDED ENTRY--TOPICAL TERM
Topical term or geographic name as entry element Cost accounting
650 ## - SUBJECT ADDED ENTRY--TOPICAL TERM
Topical term or geographic name as entry element Accounting
650 ## - SUBJECT ADDED ENTRY--TOPICAL TERM
Topical term or geographic name as entry element Managerial accounting
942 ## - ADDED ENTRY ELEMENTS (KOHA)
Source of classification or shelving scheme Dewey Decimal Classification
Koha item type Books
Holdings
Source of classification or shelving scheme Damaged status Not for loan Home library Current library Shelving location Date of accession Source of acquisition Total Checkouts Full call number Barcode Date last seen Copy number Koha item type
Dewey Decimal Classification     JCC Rouf Library JCC Rouf Library General Stacks 12/11/2017 Zahedee Foundation   657 IZH 1990 7166 12/11/2017 C-2 Books
Dewey Decimal Classification     JCC Rouf Library JCC Rouf Library General Stacks 12/11/2017 Zahedee Foundation   657 IZH 1990 7162 12/11/2017 C-1 Books

JCC Library | Contacts | JCC Home

Last Update on 23 September 2017
Copyright @ 2017-2020 JCC Rouf Library
Rouf Library, Jhenidah Cadet College (JCC), Bangladesh